000 007010000a22001690004500
090 _aDVD 0004
245 1 0 _aReligions of the world
260 _aWinewood, PA : Schilessinger Media
300 _av.3 , v.5 , v.6 , v.7 , v.9 , v.10
440 0 _aReligions of the world
500 _aDocumentales cristianos
505 0 0 _avol. 3: Budismo -- vol.5: Hinduismo -- vol.6: Islam -- vol.7: Judaismo -- vol.9: Ortodoxos y Cristianismo Católico Romanos -- vol.10: Protestantes cristianos
650 1 4 _aCRISTIANISMO Y OTRAS RELIGIONES \ RELIGIONES UNIVERSALES \ PROTESTANTES \ IGLESIA CATOLICA \ JUDAISMO \ ISLAMISMO \ HINDUISMO \ BUDISMO
306 _aDuración: 50:00 c/u
001 4999
942 _cBK
999 _c35508
_d35508